| 000 | 00608nam a2200205 a 4500 | ||
|---|---|---|---|
| 005 | 20250116063829.0 | ||
| 008 | 991125s1974 mx 000 0 spa u | ||
| 035 | _aUPN01000014812 | ||
| 049 | _aCG | ||
| 050 | 4 |
_aLB41 _bD4.8 |
|
| 245 | 0 | 3 |
_aEl devenir de la educación / _ctr. Enrique G. León López. |
| 260 |
_aMéxico : _bSEP, _c1974. |
||
| 300 | _a3 v. | ||
| 440 | 0 |
_aSepSetentas ; _v167-169 |
|
| 500 | _aA la cabeza de la portada dice: UNESCO | ||
| 534 |
_pTítulo original: _tL'Education en devenir |
||
| 650 | 4 |
_aEducación _xFines y objetivos _94837 |
|
| 650 | 4 |
_aEducación _9682 |
|
| 905 | _aLibro | ||
| 999 |
_c14812 _d14812 |
||